000 00494nam a22001697a 4500
999 _c40660
_d40660
003 OSt
005 20201020111337.0
008 191026b ||||| |||| 00| 0 eng d
020 _a8188077981
040 _cMESKC library
082 _a891.443
_bTAG/N
100 1 _aTagore, Rabindranath
_d1861-1941
_938
245 _aNav Durghatna/
_cRabindranath Tagore
260 _aDelhi:
_bPeacock Books,
_c2016
300 _a327p
942 _2ddc
_cBK
_h891.443
_iTAG/N
_k891.443
_mTAG/N